000
00208nam a22000857a 4500
008
161130b xxu||||| |||| 00| 0 eng d
100
_9
1622
_a
Gupta,V.P
245
_a
Mathematics-II
260
_a
New Delhi
_b
NCERT
_c
2003
999
_c
4336
_d
4336